[Event "46th Capablanca Memorial Open A"]
[Site "Havana CUB"]
[Date "2010.05.18"]
[Round "7.53"]
[White "Romero Nunez, Wendy"]
[Black "Balanza Llama, Claudia De La C."]
[Result "1-0"]
[WhiteTitle "WFM"]
[WhiteElo "2132"]
[BlackElo "1976"]
[WhiteFideId "3510174"]
[BlackFideId "3513165"]
[EventDate "2011.05.11"]

1. d4 Nf6 2. c4 d6 3. Nc3 Nbd7 4. e4 e5 5. Nf3 Be7 6. Be2 O-O 7. O-O Re8 8. Qc2
exd4 9. Nxd4 a5 10. Re1 Bf8 11. Bf1 h6 12. Bf4 Nc5 13. Rad1 Nh5 14. Be3 Nf6 15.
f3 Bd7 16. Ndb5 Qc8 17. b3 Be6 18. Nd5 Bxd5 19. cxd5 Qd7 20. a3 Re7 21. b4 axb4
22. axb4 Na6 23. Qb2 Qe8 24. Bf2 Nd7 25. Nd4 g6 26. Bb5 Qc8 27. Bh4 Re8 28. Rc1
Bg7 29. Qd2 Nb6 30. Bxe8 Qxe8 31. Bf2 Kh7 32. Ne2 Qb5 33. Bd4 Bf8 34. Qf4 Qd7
35. Qf6 g5 36. Ng3 1-0

[Event "46th Capablanca Memorial Open A"]
[Site "Havana CUB"]
[Date "2010.05.18"]
[Round "7.54"]
[White "Hernandez Moya, Yuleisis"]
[Black "Espinosa Garcia, Sandra"]
[Result "1/2-1/2"]
[WhiteTitle "WFM"]
[BlackTitle "WIM"]
[WhiteElo "2174"]
[BlackElo "2113"]
[WhiteFideId "3511685"]
[BlackFideId "3509109"]
[EventDate "2011.05.11"]

1. e4 c5 2. Nf3 Nc6 3. d4 cxd4 4. Nxd4 g6 5. Nc3 Bg7 6. Be3 Nf6 7. Bc4 Qa5 8.
O-O O-O 9. Bb3 d6 10. h3 Bd7 11. f4 Nxd4 12. Bxd4 Bc6 13. Qd3 Nd7 14. Bxg7 Kxg7
15. Qd4+ f6 16. Rad1 Rad8 17. Kh1 Nc5 18. Bd5 e5 19. Qe3 Bxd5 20. Rxd5 Qa6 21.
Rfd1 Ne6 22. g3 Nd4 23. Qd3 Qxd3 24. Rxd3 Nxc2 25. Rxd6 Nd4 26. Rd5 Rxd5 27.
Nxd5 Rc8 28. Rc3 Rxc3 29. Nxc3 exf4 30. gxf4 Ne6 31. Nd5 Nc5 32. e5 fxe5 33.
fxe5 Nd3 34. e6 Nxb2 35. Kg2 Nd3 36. Kf3 Nc5 37. e7 Kf7 38. Kf4 Nd7 39. Kg5 Nb6
40. Nxb6 axb6 41. Kh6 Kxe7 42. Kxh7 Kf6 43. a4 Kf7 44. Kh6 Kf6 45. Kh7 1/2-1/2

[Event "46th Capablanca Memorial Open A"]
[Site "Havana CUB"]
[Date "2010.05.19"]
[Round "8.2"]
[White "Bacallao Alonso, Yusnel"]
[Black "Gomez Garrido, Camilo"]
[Result "1/2-1/2"]
[WhiteTitle "IM"]
[BlackTitle "IM"]
[WhiteElo "2530"]
[BlackElo "2516"]
[WhiteFideId "3507416"]
[BlackFideId "3507904"]
[EventDate "2011.05.11"]

1. Nf3 c5 2. g3 Nc6 3. Bg2 g6 4. d4 cxd4 5. Nxd4 Bg7 6. Nb3 Nf6 7. c4 d6 8. Nc3
O-O 9. O-O Be6 10. c5 d5 11. Bg5 Qd7 12. Bxf6 Bxf6 13. Nxd5 Bxb2 14. Rb1 Bg7 1/2-1/2

[Event "46th Capablanca Memorial Open A"]
[Site "Havana CUB"]
[Date "2010.05.19"]
[Round "8.4"]
[White "Hevia Alejano, Carlos Antonio"]
[Black "Quesada Vera, Liordis"]
[Result "1-0"]
[WhiteTitle "FM"]
[BlackTitle "FM"]
[WhiteElo "2464"]
[BlackElo "2438"]
[WhiteFideId "3508811"]
[BlackFideId "3507009"]
[EventDate "2011.05.11"]

1. e4 e5 2. Nf3 Nc6 3. Bb5 a6 4. Ba4 Nf6 5. O-O b5 6. Bb3 Bb7 7. d3 Bc5 8. Nc3
d6 9. a3 Ne7 10. Bg5 Ng6 11. Nd5 h6 12. Bxf6 gxf6 13. Qd2 f5 14. exf5 Ne7 15.
Nxe7 Qxe7 16. Qe2 Rg8 17. g3 Qf6 18. d4 Qxf5 19. Nh4 Qf6 20. dxc5 Qxh4 21. Rad1
Qe7 22. Bd5 Bxd5 23. Rxd5 Rg6 24. Rfd1 Kf8 25. cxd6 Rxd6 26. Rxd6 cxd6 27. Qd2
Kg7 28. Qxd6 Qg5 29. Re1 Re8 30. f4 Qf6 31. Qxf6+ Kxf6 32. Kf2 e4 33. Ke3 Rc8
34. c3 Rd8 35. Re2 Kf5 36. Rd2 Re8 37. Rd6 h5 38. Rd5+ Kg6 39. Rg5+ Kh6 40. Re5
Rd8 41. Rxe4 Rd1 42. Rd4 Rb1 43. Rd2 Kg6 44. Kd4 h4 45. gxh4 Rf1 46. Ke4 Re1+
47. Kf3 Rb1 48. h5+ Kxh5 49. Rg2 Re1 50. Re2 Rf1+ 51. Rf2 Re1 52. Rg2 Kh6 53.
Rc2 Rb1 54. a4 Kg6 55. axb5 axb5 56. Ke4 Rd1 57. b3 f5+ 58. Ke5 Re1+ 59. Kd5 Rb1
60. b4 Kh5 61. Rg2 Rc1 62. Kd4 Rd1+ 63. Kc5 Rd3 64. Rg5+ Kh4 65. Rxf5 1-0

[Event "46th Capablanca Memorial Open A"]
[Site "Havana CUB"]
[Date "2010.05.19"]
[Round "8.5"]
[White "Borges Mateos, Juan"]
[Black "Arenas, David"]
[Result "1-0"]
[WhiteTitle "GM"]
[BlackTitle "IM"]
[WhiteElo "2451"]
[BlackElo "2427"]
[WhiteFideId "3500160"]
[BlackFideId "4403177"]
[EventDate "2011.05.11"]

1. d4 Nf6 2. c4 g6 3. Nc3 Bg7 4. Nf3 O-O 5. Bf4 d6 6. h3 c5 7. e3 a6 8. Be2 cxd4
9. exd4 d5 10. c5 b6 11. cxb6 Qxb6 12. O-O Bf5 13. Na4 Qb7 14. Rc1 Nc6 15. Qb3
Qxb3 16. axb3 Nb4 17. Rc7 Bd3 18. Rxe7 Ne4 19. Bxd3 Nxd3 20. Be5 Nxe5 21. dxe5
Rfe8 22. Rxe8+ Rxe8 23. Re1 Rb8 24. Rd1 Rd8 25. Nc3 Nxc3 26. bxc3 f6 27. c4 fxe5
28. Rxd5 Rb8 29. Nd2 Bh6 30. Ne4 Rxb3 31. Rd8+ Kf7 32. Rd7+ Kf8 33. c5 Rb1+ 34.
Kh2 Rc1 35. Kg3 Rc4 36. Kf3 a5 37. g3 a4 38. Ra7 Bc1 39. Rxh7 a3 40. Ra7 Rc2 41.
h4 Ke8 42. g4 Kf8 43. g5 Rc4 44. h5 Bxg5 45. Nxg5 gxh5 46. Rxa3 Rf4+ 47. Ke3 1-0

[Event "46th Capablanca Memorial Open A"]
[Site "Havana CUB"]
[Date "2010.05.19"]
[Round "8.7"]
[White "Guerra Mojena, Leandro"]
[Black "Vera Gonzalez-Quevedo, Reynaldo"]
[Result "1/2-1/2"]
[WhiteTitle "FM"]
[BlackTitle "GM"]
[WhiteElo "2337"]
[BlackElo "2500"]
[WhiteFideId "3513602"]
[BlackFideId "3500055"]
[EventDate "2011.05.11"]

1. e4 c5 2. Nf3 d6 3. d4 cxd4 4. Nxd4 Nf6 5. Nc3 a6 6. h3 e6 7. g4 d5 8. exd5
Nxd5 9. Nde2 Bb4 10. Bg2 Nc6 11. O-O Nxc3 12. Nxc3 Qc7 13. Be3 O-O 14. Na4 Rb8
15. c3 Be7 16. Bb6 Qf4 17. b4 Bd6 18. Re1 Qh2+ 19. Kf1 Bc7 20. Qe2 Bd7 21. Bxc7
Qxc7 22. Nc5 Rfd8 23. Nxd7 Rxd7 24. Rad1 Rbd8 25. Rxd7 Rxd7 26. a4 h6 27. Qc4
Kf8 28. Bxc6 bxc6 29. Kg2 Qb6 30. Re5 Rd5 1/2-1/2

[Event "46th Capablanca Memorial Open A"]
[Site "Havana CUB"]
[Date "2010.05.19"]
[Round "8.9"]
[White "Garcia Pantoja, Roberto"]
[Black "Delgado Ramos, Hector"]
[Result "0-1"]
[WhiteTitle "FM"]
[BlackTitle "FM"]
[WhiteElo "2411"]
[BlackElo "2480"]
[WhiteFideId "3509265"]
[BlackFideId "3504824"]
[EventDate "2011.05.11"]

1. e4 c5 2. Nf3 d6 3. d4 cxd4 4. Nxd4 Nf6 5. Nc3 g6 6. Be3 Bg7 7. f3 O-O 8. Qd2
Nc6 9. Bc4 Bd7 10. h4 h5 11. O-O-O Rc8 12. Bb3 Ne5 13. Kb1 Nc4 14. Bxc4 Rxc4 15.
g4 hxg4 16. h5 Nxh5 17. Rdg1 Qc8 18. Nd5 Re8 19. fxg4 Bxg4 20. Rh4 e6 21. Nb5
exd5 22. Nxd6 Qd8 23. Nxe8 Qxh4 24. Bg5 Qh3 25. Qxd5 Qh2 26. Rc1 Qe5 27. Nxg7
Qxd5 0-1

[Event "46th Capablanca Memorial Open A"]
[Site "Havana CUB"]
[Date "2010.05.19"]
[Round "8.11"]
[White "de Francesco, Klaus"]
[Black "De La Paz Perdomo, Frank"]
[Result "1/2-1/2"]
[WhiteTitle "FM"]
[BlackTitle "GM"]
[WhiteElo "2312"]
[BlackElo "2452"]
[WhiteFideId "4613945"]
[BlackFideId "3501833"]
[EventDate "2011.05.11"]

1. d4 Nf6 2. c4 g6 3. Nc3 Bg7 4. e4 d6 5. f4 O-O 6. Nf3 Na6 7. Bd3 Bg4 8. Be3
Nd7 9. O-O e5 10. fxe5 c5 11. Be2 cxd4 12. Bxd4 dxe5 13. Be3 Nac5 14. Qd2 Ne6
15. Rad1 Bxf3 16. gxf3 1/2-1/2

[Event "46th Capablanca Memorial Open A"]
[Site "Havana CUB"]
[Date "2010.05.19"]
[Round "8.13"]
[White "Ostos, Julio"]
[Black "Prasca Sosa, Rafael"]
[Result "1/2-1/2"]
[WhiteTitle "IM"]
[BlackTitle "IM"]
[WhiteElo "2310"]
[BlackElo "2424"]
[WhiteFideId "3900053"]
[BlackFideId "3900819"]
[EventDate "2011.05.11"]

1. e4 e6 2. d4 d5 3. Nd2 dxe4 4. Nxe4 Nd7 5. Ne2 Ngf6 6. N2c3 Nxe4 7. Nxe4 Nf6
8. Bg5 Be7 9. Nxf6+ Bxf6 10. Bxf6 Qxf6 11. Qd2 Bd7 12. O-O-O O-O-O 13. Qe3 Kb8 1/2-1/2

[Event "46th Capablanca Memorial Open A"]
[Site "Havana CUB"]
[Date "2010.05.19"]
[Round "8.14"]
[White "Nogueiras Santiago, Jesus"]
[Black "Quesada Perez, Yasser"]
[Result "1/2-1/2"]
[WhiteTitle "GM"]
[BlackTitle "FM"]
[WhiteElo "2565"]
[BlackElo "2401"]
[WhiteFideId "3500020"]
[BlackFideId "3509362"]
[EventDate "2011.05.11"]

1. c4 e5 2. Nc3 Nf6 3. g3 d5 4. cxd5 Nxd5 5. Bg2 Nb6 6. d3 Be7 7. a3 O-O 8. Nf3
Nc6 9. O-O Re8 10. b4 Bf8 11. Nd2 a5 12. b5 Nd4 13. Nc4 a4 14. Nxb6 cxb6 15. Bb2
Ra5 16. Rb1 Nxb5 17. Nxb5 Rxb5 18. Qxa4 Ra5 19. Qc2 Bc5 20. Bc3 Rxa3 21. Bb4
Bxb4 22. Rxb4 Ra5 23. Rfb1 Rc5 24. Qb3 Qc7 25. h4 Be6 26. Qa4 Bd7 27. Qa7 b5 28.
Qxb7 Qxb7 29. Bxb7 Kf8 30. e3 Ke7 31. d4 exd4 32. exd4 Rc4 33. R4b2 Rxd4 34. Ba6
b4 35. Rxb4 Rxb4 36. Rxb4 1/2-1/2

[Event "46th Capablanca Memorial Open A"]
[Site "Havana CUB"]
[Date "2010.05.19"]
[Round "8.15"]
[White "Figueredo Losada, Leonel"]
[Black "Oms Pallisse, Josep"]
[Result "0-1"]
[WhiteTitle "FM"]
[BlackTitle "GM"]
[WhiteElo "2381"]
[BlackElo "2501"]
[WhiteFideId "3507971"]
[BlackFideId "2205521"]
[EventDate "2011.05.11"]

1. e4 c5 2. Nf3 Nc6 3. d4 cxd4 4. Nxd4 g6 5. Nc3 Bg7 6. Be3 Nf6 7. Bc4 O-O 8.
Bb3 d6 9. f3 Bd7 10. Qd2 Nxd4 11. Bxd4 b5 12. O-O a5 13. a4 b4 14. Nd5 Nxd5 15.
exd5 Qc7 16. Rfe1 Rfe8 17. Bxg7 Kxg7 18. Re4 h5 19. Rh4 Qb6+ 20. Kh1 e5 21. dxe6
Bxe6 22. Rd4 Bxb3 23. cxb3 Re6 24. h3 Rae8 25. Rd1 Re2 26. Qf4 R8e6 27. Rxd6 Qf2
28. Rg1 Qe3 29. Rxe6 Qxe6 30. Qd4+ Qf6 31. Qxf6+ Kxf6 32. Rc1 Ke6 33. Rc6+ Kd5
34. Ra6 Rxb2 35. Rxa5+ Kd4 36. Ra7 Rxb3 37. a5 Ra3 38. a6 b3 39. Rd7+ Kc3 0-1

[Event "46th Capablanca Memorial Open A"]
[Site "Havana CUB"]
[Date "2010.05.19"]
[Round "8.16"]
[White "Abreu Delgado, Aryam"]
[Black "Rodriguez Garcia, Victor"]
[Result "1/2-1/2"]
[WhiteTitle "GM"]
[BlackTitle "FM"]
[WhiteElo "2485"]
[BlackElo "2331"]
[WhiteFideId "3502589"]
[BlackFideId "3506320"]
[EventDate "2011.05.11"]

1. c4 e5 2. d3 g6 3. Nc3 Bg7 4. g3 d6 5. Bg2 Nc6 6. Nf3 f5 7. O-O Nf6 8. Rb1 O-O
9. b4 h6 10. b5 Ne7 11. Qb3 Be6 12. Nd2 Rb8 13. Qa3 Nc8 14. Nb3 b6 15. Nd5 Nxd5
16. cxd5 Bd7 17. Qb4 g5 18. e3 Ne7 1/2-1/2

[Event "46th Capablanca Memorial Open A"]
[Site "Havana CUB"]
[Date "2010.05.19"]
[Round "8.17"]
[White "Fernandez Cardoso, Alexey"]
[Black "Lopez Vilier, Luis Angel"]
[Result "1-0"]
[WhiteTitle "FM"]
[BlackTitle "FM"]
[WhiteElo "2473"]
[BlackElo "2316"]
[WhiteFideId "3504379"]
[BlackFideId "3509320"]
[EventDate "2011.05.11"]

1. e4 c6 2. d4 d5 3. e5 Bf5 4. Nf3 e6 5. Be2 Nd7 6. O-O Ne7 7. b3 Bg4 8. Nbd2
Qa5 9. h3 Bxf3 10. Nxf3 h5 11. Bd2 Qb6 12. a4 a6 13. b4 Nf5 14. c3 Be7 15. Bd3
g6 16. Qe2 Qd8 17. a5 Nf8 18. g4 hxg4 19. hxg4 Nh4 20. Nxh4 Rxh4 21. Kg2 Qc7 22.
Rh1 Qd8 23. f4 Rxh1 24. Rxh1 Qd7 25. Qf3 f5 26. exf6 Bxf6 27. g5 Bg7 28. Be1 Rd8
29. Bg3 Kf7 30. Qd1 Kg8 31. Qg4 Kf7 32. Be1 Kg8 33. Qh3 Kf7 34. Bd2 Re8 35. Bc1
Qd6 36. Qg4 Kg8 37. Ba3 Kf7 38. Qh4 Rd8 39. Kf3 Rc8 40. Ke3 Rc7 41. Kd2 Kg8 42.
Kc2 Re7 43. Kb3 Qd7 44. b5 cxb5 45. Bxg6 Nxg6 46. Qh7+ Kf7 47. Rh6 Nf8 48. Rf6+
Ke8 49. Qxg7 1-0

[Event "46th Capablanca Memorial Open A"]
[Site "Havana CUB"]
[Date "2010.05.19"]
[Round "8.18"]
[White "Vega Chirino, Lemay"]
[Black "Jimenez Fraga, Pedro Alejandro"]
[Result "1-0"]
[WhiteTitle "FM"]
[BlackTitle "FM"]
[WhiteElo "2356"]
[BlackElo "2473"]
[WhiteFideId "3502252"]
[BlackFideId "3508188"]
[EventDate "2011.05.11"]

1. Nf3 Nf6 2. c4 g6 3. g3 Bg7 4. Bg2 O-O 5. O-O d5 6. cxd5 Nxd5 7. Nc3 c5 8.
Nxd5 Qxd5 9. d3 Qd6 10. Bf4 Qb6 11. Rb1 Be6 12. Qa4 Nc6 13. Rfc1 Rac8 14. h3 Nb4
15. a3 Na2 16. Re1 Bb3 17. Qe4 Bc2 18. Nd2 Bxb1 19. Rxb1 e5 20. Be3 Qe6 21. Qd5
c4 22. Qxe6 fxe6 23. dxc4 b5 24. c5 e4 25. Ra1 Nc3 26. bxc3 Bxc3 27. Rb1 Bxd2
28. Bxd2 1-0

[Event "46th Capablanca Memorial Open A"]
[Site "Havana CUB"]
[Date "2010.05.19"]
[Round "8.19"]
[White "Calvo Quinteiro, Jose Manuel"]
[Black "Gongora Reyes, Maikel"]
[Result "1/2-1/2"]
[BlackTitle "IM"]
[WhiteElo "2247"]
[BlackElo "2452"]
[WhiteFideId "3505154"]
[BlackFideId "3503208"]
[EventDate "2011.05.11"]

1. e4 e5 2. Nf3 Nc6 3. Bb5 Nf6 4. O-O Nxe4 5. d4 Nd6 6. dxe5 Nxb5 7. a4 d6 8.
Re1 Nxe5 9. axb5 Be7 10. Nxe5 dxe5 11. Qxd8+ Bxd8 12. Rxe5+ Be6 13. Nc3 O-O 14.
Bf4 Be7 15. Re4 c6 16. bxc6 bxc6 17. Rea4 Bf5 18. Rxa7 Rxa7 19. Rxa7 Re8 20. h3
Bf6 21. Kh2 g5 22. Bg3 Re6 23. Na4 Be7 24. c4 h5 25. Rb7 h4 26. Bb8 Bc2 27. b3
Bf6 28. Nc5 Re2 29. Nd7 Bd4 30. Ba7 Bxa7 31. Rxa7 Bxb3 32. Ra5 Bxc4 33. Rxg5+
Kh7 34. Rh5+ Kg7 35. Rxh4 Be6 36. Nc5 Bd5 37. Nd3 Rd2 38. Nb4 Rxf2 39. Nxd5 cxd5
40. Rd4 Rf5 41. Kg3 Kf6 42. Rf4 Ke5 43. Rxf5+ Kxf5 44. Kf3 Ke5 45. Ke3 f5 46. g3
d4+ 47. Kd3 f4 48. gxf4+ Kxf4 49. Kxd4 Kg3 1/2-1/2

[Event "46th Capablanca Memorial Open A"]
[Site "Havana CUB"]
[Date "2010.05.19"]
[Round "8.20"]
[White "Obregon Rivero, Juan Carlos"]
[Black "Davila, Carlos"]
[Result "1-0"]
[WhiteTitle "FM"]
[BlackTitle "IM"]
[WhiteElo "2445"]
[BlackElo "2307"]
[WhiteFideId "3507815"]
[BlackFideId "6100040"]
[EventDate "2011.05.11"]

1. Nf3 Nf6 2. g3 d5 3. c4 c6 4. b3 Bg4 5. Bg2 Nbd7 6. Bb2 e6 7. O-O Be7 8. d3
O-O 9. Nbd2 a5 10. a3 Ne8 11. h3 Bh5 12. Ra2 Bf6 13. d4 Be7 14. e4 Nc7 15. Qe1
Re8 16. Ne5 f6 17. Nd3 a4 18. b4 Bf7 19. e5 dxc4 20. Nxc4 Nb5 21. Nc5 Qc7 22.
Nxd7 Qxd7 23. Nb6 Qc7 24. Nxa8 Rxa8 25. Ra1 f5 26. Rc1 Qd7 27. Qe2 h6 28. Rc4
Kh8 29. Rfc1 Ra6 30. g4 g6 31. gxf5 gxf5 32. d5 cxd5 33. Rc8+ Kh7 34. Bf1 Rc6
35. R8xc6 bxc6 36. Qc2 Na7 37. Qxa4 Bg5 38. Rc5 Bh5 39. Ra5 Nc8 40. Bg2 Bd8 41.
Rc5 Qg7 42. Kh1 Ne7 43. Qa7 f4 44. Rc1 Qf7 45. Bf1 Bf3+ 46. Kh2 Kg6 47. Bd3+ Be4
48. Bxe4+ dxe4 49. Qd4 1-0

[Event "46th Capablanca Memorial Open A"]
[Site "Havana CUB"]
[Date "2010.05.19"]
[Round "8.21"]
[White "Perez Garcia, Rodney"]
[Black "Martinez Lopez, Ivan"]
[Result "1/2-1/2"]
[WhiteTitle "IM"]
[WhiteElo "2440"]
[BlackElo "2287"]
[WhiteFideId "3500918"]
[BlackFideId "2219409"]
[EventDate "2011.05.11"]

1. e4 d5 2. exd5 Qxd5 3. Nc3 Qa5 4. Nf3 c6 5. d4 Bf5 6. Bd3 Bxd3 7. Qxd3 e6 8.
O-O Nf6 9. Bd2 Bb4 10. a3 Bxc3 11. Bxc3 Qc7 12. Rfe1 O-O 13. Rad1 1/2-1/2

[Event "46th Capablanca Memorial Open A"]
[Site "Havana CUB"]
[Date "2010.05.19"]
[Round "8.22"]
[White "Morales Romero, Pedro"]
[Black "Soppe, Guillermo"]
[Result "1/2-1/2"]
[WhiteTitle "IM"]
[BlackTitle "IM"]
[WhiteElo "2354"]
[BlackElo "2430"]
[WhiteFideId "3503798"]
[BlackFideId "100323"]
[EventDate "2011.05.11"]

1. e4 c6 2. d4 d5 3. Nd2 dxe4 4. Nxe4 Nf6 5. Nxf6+ exf6 6. c3 Bd6 7. Bd3 O-O 8.
Qc2 Re8+ 9. Be3 Kh8 10. Ne2 Nd7 11. O-O-O Nf8 12. Kb1 Be6 13. h4 b5 14. h5 a5
15. g4 a4 16. Qd2 Bd5 17. Rhg1 Qd7 18. Ng3 Bxg3 19. Rxg3 Qe6 20. a3 Be4 21. g5
fxg5 22. Rxg5 f6 23. Rg3 Rad8 24. Ka1 Bxd3 25. Qxd3 Qe4 26. h6 g6 27. Qxe4 Rxe4
28. Rf3 f5 29. c4 Kg8 30. cxb5 cxb5 31. d5 Kf7 32. Bb6 Rc8 33. d6 Nd7 34. Bc7
Rce8 35. Ba5 Rc8 36. Bc7 Rce8 37. Ba5 1/2-1/2

[Event "46th Capablanca Memorial Open A"]
[Site "Havana CUB"]
[Date "2010.05.19"]
[Round "8.23"]
[White "Wohl, Aleksandar H."]
[Black "Ynojosa, Felix Jose"]
[Result "1-0"]
[WhiteTitle "IM"]
[WhiteElo "2411"]
[BlackElo "2255"]
[WhiteFideId "3200345"]
[BlackFideId "3900258"]
[EventDate "2011.05.11"]

1. e4 c5 2. Nf3 Nc6 3. Bb5 e6 4. O-O Nge7 5. b3 a6 6. Bxc6 Nxc6 7. Bb2 b5 8. d4
cxd4 9. Nxd4 Qc7 10. a4 Nxd4 11. Bxd4 b4 12. Nd2 Bd6 13. Nc4 Bxh2+ 14. Kh1 Bf4
15. Qg4 Bh6 16. Be5 Qd8 17. Bxg7 Rg8 18. Nd6+ Ke7 19. Nxc8+ Qxc8 20. Qh4+ Ke8
21. Qxh6 Qxc2 22. Qxh7 Ke7 23. Bf6+ Kf8 24. Qh2 1-0

[Event "46th Capablanca Memorial Open A"]
[Site "Havana CUB"]
[Date "2011.05.19"]
[Round "8.24"]
[White "Guerra Mendez, Jose Angel"]
[Black "Girones Barrios, Yans Richard"]
[Result "1/2-1/2"]
[WhiteTitle "IM"]
[WhiteElo "2472"]
[BlackElo "2221"]
[WhiteFideId "3508129"]
[BlackFideId "3506142"]
[EventDate "2011.05.11"]

1. e4 e5 2. Nf3 Nc6 3. Bb5 a6 4. Ba4 Nf6 5. O-O Be7 6. Re1 b5 7. Bb3 O-O 8. a4
b4 9. d4 d6 10. dxe5 Nxe5 11. Bf4 Nxf3+ 12. Qxf3 Bg4 13. Qd3 Qd7 14. Nd2 Be6 15.
Nc4 a5 16. Rad1 Qc6 17. e5 Bxc4 18. Qxc4 Qxc4 19. Bxc4 dxe5 20. Bxe5 Bc5 21. h3
Rfe8 22. g4 Re7 23. Bb5 Rc8 24. g5 Ne8 25. Bc6 f6 26. Bf4 Rxe1+ 27. Rxe1 Bd6 28.
Bxd6 Nxd6 29. gxf6 gxf6 30. Re7 Kh8 31. Kf1 Nf5 32. Rf7 Nd4 33. Bb7 Rb8 34. Be4
f5 35. Bd3 c5 36. Rc7 Re8 37. Rxc5 f4 38. Rc4 Rd8 39. f3 b3 40. Kf2 Nxc2 41.
Bxc2 bxc2 42. Rxc2 Rd4 43. b3 Rd3 44. Rb2 Kg7 45. b4 axb4 46. Rxb4 Rd2+ 47. Ke1
Rh2 48. Rxf4 Rxh3 49. Kd2 h5 50. a5 Rh2+ 51. Kc3 Ra2 52. Kb4 Kg6 53. Kb5 Rb2+
54. Kc6 Ra2 55. Kb5 Rb2+ 56. Rb4 Rxb4+ 57. Kxb4 h4 58. a6 h3 59. a7 h2 60. a8=Q
h1=Q 61. Qg8+ Kf6 62. Qf8+ Kg6 63. Qd6+ Kf5 64. Qd5+ Kf6 65. Qd4+ Kf5 66. Qe4+
Kf6 67. Qf4+ Kg6 68. Qg4+ Kf6 69. Qd4+ Kf5 70. Qd3+ Kf6 71. Kc4 Qc1+ 72. Kb3 Qc5
73. Qd8+ Qe7 74. Qh8+ Qg7 75. Qc8 Qe7 76. Qh8+ Qg7 77. Qb8 Qd7 78. Kc3 Qc6+ 79.
Kd4 Qa4+ 80. Ke3 Qa3+ 81. Kf2 Qc5+ 82. Kg2 Qg5+ 83. Kh3 Qh5+ 1/2-1/2

[Event "46th Capablanca Memorial Open A"]
[Site "Havana CUB"]
[Date "2011.05.19"]
[Round "8.25"]
[White "Machado Escanio, Michel"]
[Black "Ibarra Chami, Luis Fernando"]
[Result "1/2-1/2"]
[WhiteTitle "FM"]
[BlackTitle "IM"]
[WhiteElo "2309"]
[BlackElo "2514"]
[WhiteFideId "3506290"]
[BlackFideId "5105048"]
[EventDate "2011.05.11"]

1. d4 d5 2. c4 e6 3. Nc3 Bb4 4. Nf3 Nf6 5. cxd5 exd5 6. Bg5 Nbd7 7. e3 c5 8. Qc2
Qa5 9. Bd3 c4 10. Bf5 O-O 11. O-O Re8 12. Nd2 g6 13. Bh3 Kg7 14. a3 Bxc3 15.
Qxc3 Qxc3 16. bxc3 Nb6 17. Bxc8 Nxc8 18. f3 Re6 19. e4 dxe4 20. Bxf6+ Rxf6 21.
fxe4 Rxf1+ 22. Kxf1 Nd6 23. a4 f6 24. Rb1 b6 25. Kf2 Rb8 26. Rb4 Rc8 27. Kf3 h5
28. Rb1 h4 29. g4 hxg3 30. hxg3 Rh8 31. Kg2 Rh5 32. Rb4 b5 33. axb5 Rxb5 34.
Rxb5 Nxb5 35. Nxc4 Nxc3 36. Kf3 Kf7 37. Ke3 Nb5 38. Kd3 Ke6 39. d5+ Kd7 40. e5 1/2-1/2

[Event "46th Capablanca Memorial Open A"]
[Site "Havana CUB"]
[Date "2011.05.19"]
[Round "8.26"]
[White "Rasmussen, Karsten"]
[Black "Pina Vega, Sulennis"]
[Result "0-1"]
[WhiteTitle "IM"]
[BlackTitle "WGM"]
[WhiteElo "2434"]
[BlackElo "2298"]
[WhiteFideId "1400088"]
[BlackFideId "3503151"]
[EventDate "2011.05.11"]

1. Nf3 d5 2. c4 dxc4 3. e3 a6 4. Bxc4 Nf6 5. O-O e6 6. Qe2 c5 7. Rd1 b5 8. Bb3
Nc6 9. a4 Rb8 10. axb5 axb5 11. Nc3 c4 12. Bc2 Nb4 13. d3 cxd3 14. Bxd3 Nxd3 15.
Rxd3 Qc7 16. e4 Be7 17. g3 Rb7 18. Bf4 Qb6 19. Be3 Qc7 20. Rc1 Qb8 21. e5 Nd5
22. Nxd5 exd5 23. Nd4 O-O 24. Nc6 Qa8 25. Rxd5 Re8 26. Nd4 b4 27. Qf3 Rb8 28. e6
Bxe6 29. Rb5 Rxb5 30. Qxa8 Rxa8 31. Nxb5 Ra2 32. Bd4 Bf6 33. b3 h6 34. Bc5 Bb2
35. Re1 Bc3 36. Nxc3 bxc3 37. b4 Bd5 38. Rc1 Bf3 39. Be3 c2 40. b5 Rb2 41. b6
Kf8 42. Kf1 Ke8 43. Ke1 Kd7 44. Kd2 Be4 45. Kc3 Rb1 46. Kd4 Bh7 47. Kc5 Bd3 48.
Kd4 Rb3 49. Kc5 Rb5+ 50. Kd4 Bh7 51. Kc4 Kc6 52. h4 Ra5 53. Bd4 f6 54. Be3 Rb5
55. Bd4 Rb1 56. Be3 h5 57. f3 Rb5 58. g4 hxg4 59. fxg4 Re5 60. Bd4 Re4 61. g5
Rxh4 62. gxf6 gxf6 63. Kc3 Rf4 64. Be3 Rf3 65. Kd2 Be4 66. Ke2 Rg3 67. Bf2 Rb3
68. Be3 Rb1 69. Kd2 f5 70. Ke2 Kd6 71. Kd2 Ke5 72. Bf2 f4 73. Bc5 f3 74. Rg1 Kd5
75. Bf2 Kc4 76. Rc1 Kb3 0-1